| Registos Bibliográficos associados ao registo de autoridade |
|
Etiqueta de registo: 00865nam 2200277 450 001 1898397 003 http://id.bnportugal.gov.pt/bib/catbnp/1898397 010 ## $a978-989-8569-07-3 021 ## $aPT$b376093//14 100 ## $a20150413d2014 m y0pory0103 ba 101 0# $apor 102 ## $aPT 105 ## $aa z 000yy 106 ## $ar 200 1# $aHistórias da minha vida$eTerceira e Flores$fMateus Toste Mendes$gpref. Victor Rui Dores 205 ## $a1ª ed 210 #9 $a[S.l.]$cTuriscon Editora,$d2014$e[Ribeira Grande] :$gCoingra) 215 ## $a175, [1] p.$cil.$d23 cm 320 ## $aBibliografia, p. 165-166 675 ## $a929Mendes, Mateus Toste$vBN$zpor$31608268 675 ## $a821.134.3-94"20"$vBN$zpor$31565850 700 #1 $aMendes,$bMateus Toste,$f1942-$31605774 702 #1 $aDores,$bVíctor Rui$4080$3972297 801 #0 $aPT$bBN$gRPC 856 41 $uhttp://rnod.bnportugal.gov.pt/ImagesBN/winlibimg.aspx?skey=&doc=1898397&img=58639&save=true 900 ## $aBIBNAC$d20150519 966 ## $lBN$mFGMON$sH.G. 69431 V.$x1 966 ## $lBN$mFGMON$sH.G. 69431 V.-D$x1
Etiqueta de registo: 00000nam 2200025 450 001 1979359 003 http://id.bnportugal.gov.pt/bib/catbnp/1979359 010 ## $a978-972-8864-51-4 021 ## $aPT$b406018/16 100 ## $a20180103d2017 m y0pory01030103ba 101 0# $apor 102 ## $aPT 105 ## $aa z 000gy 106 ## $ar 200 1# $a O ouvido que escreve$fVictor Rui Dores 210 #9 $a[S.l.]$cBLU Edições,$d2017 215 ## $a262 p.$cil.$d23 cm 675 ## $a821.134.3-1"19/20"$vBN$zpor$3567435 700 #1 $aDores,$bVíctor Rui$3972297 801 #0 $aPT$bBN$gRPC 856 41 $uhttp://rnod.bnportugal.gov.pt/ImagesBN/winlibimg.aspx?skey=&doc=1979359&img=103052&save=true 900 ## $aBIBNAC$d20180111 966 ## $lBN$mFGMON$sL. 142428 V.$x1 966 ## $lBN$mFGMON$sL. 142428 V.-D$x1
Etiqueta de registo: 00000nam 2200025 450 001 2041835 003 http://id.bnportugal.gov.pt/bib/catbnp/2041835 010 ## $a978-989-20-9815-9 021 ## $aPT$b462372/19 100 ## $a20200227d2019 m y0pory01030103ba 101 0# $apor 102 ## $aPT 105 ## $aa z 000gy 106 ## $ar 200 1# $aDe basalto e mar$fLurdes Freitas$gpref. Victor Rui Dores 210 #9 $a[S.l.]$cLurdes Freitas,$d2019 215 ## $a86 p.$cil.$d21 cm 675 ## $a821.134.3-1"20"$vBN$zpor$31023893 700 #1 $aFreitas,$bLurdes,$f1950-$31777805 702 #1 $aDores,$bVíctor Rui$4080$3972297 801 #0 $aPT$bBN$gRPC 856 41 $uhttp://rnod.bnportugal.gov.pt/ImagesBN/winlibimg.aspx?skey=&doc=2041835&img=136299&save=true 900 ## $aBIBNAC$d20200303 966 ## $lBN$mFGMON$sL. 150958 V.$x1 966 ## $lBN$mFGMON$sL. 150958 V.-D$x1
Etiqueta de registo: 00000nam 2200025 450 001 2172784 003 http://id.bnportugal.gov.pt/bib/catbnp/2172784 010 ## $a978-989-99025-8-9 021 ## $aPT$b525067/23 100 ## $a20240712d2023 m y0pory01030103ba 101 0# $apor 102 ## $aPT 105 ## $aa z 000ay 106 ## $ar 200 1# $aMilagre na rocha negra$fJosé Carlos Costa$gpref. Vitor Rui Dores$gposf. Francisco R. Maduro-Dias 210 #9 $a[S.l.]$cJudite Costa,$d2023 215 ## $a238, [1] p.$cil.$d25 cm 675 ## $a821.134.3-31"20"$vBN$zpor$31044234 700 #1 $aCosta,$bJosé Carlos,$f1960-$3129431 702 #1 $aDores,$bVíctor Rui$4080$3972297 702 #1 $92$aDias,$bFrancisco R. Maduro$4075$31921676 801 #0 $aPT$bBN$gRPC 856 41 $uhttp://rnod.bnportugal.gov.pt/ImagesBN/winlibimg.aspx?skey=&doc=2172784&img=197262&save=true 900 ## $aBIBNAC$d20240910 966 ## $lBN$mFGMON$sL. 172626 V.$x1 966 ## $lBN$mFGMON$sL. 172626 V.-D 971 ## $ccsilva$d20240712 972 ## $d20240910$e0$vlrevez$z0 973 ## $canasil$d20240820
Etiqueta de registo: 00254nam 2200025 450 001 2224480 003 http://id.bnportugal.gov.pt/bib/catbnp/2224480 021 ## $aPT$b535559/24 100 ## $a20250827d2024 m y0pory01030103ba 101 0# $apor 102 ## $aPT 105 ## $aa z 000gy 106 ## $ar 200 1# $a ( A)mar ou a impossibilidade do mar$fRui Risona$gposf. Vítor Rui Dores$gfot. Austéja Liupseviciute 210 #9 $a[S.l.]$cRui Risona,$d2024 215 ## $a143 p.$cil.$d19 cm 675 ## $a821.134.3-1"20"$vBN$zpor$31023893 700 #1 $aRisona,$bRui,$cpseud.$31964743 702 #1 $aDores,$bVíctor Rui$4075$3972297 702 #1 $aLiupseviciute,$bAustéja$4600$31964745 801 #0 $aPT$bBN$gRPC 856 41 $uhttp://rnod.bnportugal.gov.pt/ImagesBN/winlibimg.aspx?skey=&doc=2224480&img=212330&save=true 900 ## $aBIBNAC$d20250923 966 ## $lBN$mFGMON$sL. 123231 P.$x1 966 ## $lBN$mFGMON$sL. 123231 P.-D$x1 971 ## $casantos$d20250827 973 ## $cigoulao$d20250915 975 ## $e0$d20250923$viquintas
Etiqueta de registo: 00254nam 2200025 450 001 2275661 003 http://id.bnportugal.gov.pt/bib/catbnp/2275661 010 ## $a978-989-33-7784-0 021 ## $aPT$b551873/25 100 ## $a20260304d2025 m y0pory01030103ba 101 0# $apor 102 ## $aPT 105 ## $aa z 000gy 106 ## $ar 200 1# $aOutro canto$fLurdes Freitas$gpref. Victor Rui Dores$gil. Hélder Tavares, Matilde Tavares 210 #9 $a[S.l.]$cLurdes Freitas,$d2025 215 ## $a118 p.$cil.$d21 cm 675 ## $a821.134.3-1"20"$vBN$zpor$31023893 700 #1 $aFreitas,$bLurdes,$f1950-$31777805 702 #1 $aDores,$bVíctor Rui$4080$3972297 702 #1 $92$aTavares,$bHélder$4440$31994951 702 #1 $aTavares,$bMatilde$4440$31988881 801 #0 $aPT$bBN$gRPC 856 41 $uhttp://rnod.bnportugal.gov.pt/ImagesBN/winlibimg.aspx?skey=&doc=2275661&img=220858&save=true 900 ## $aBIBNAC$d20260407 966 ## $lBN$mFGMON$sL. 181198 V.$x1 966 ## $lBN$mFGMON$sL. 181198 V.-D$x1 971 ## $cabrito$d20260304 972 ## $e0$z0$d20260407$vlrevez 973 ## $cmlsousa$d20260327
|
|
|